000 00420nam a2200169Ia 4500
008 210210b1949 xxu||||| |||| 00| 0 eng d
082 _a388/42
100 _aSHARMA (R S)
245 _aInsurance: principles and practice
260 _aBombay
_bVora & Co Publishers Pvt Ltd.
_c1949
300 _a400
650 _aprinciples
650 _apractice
650 _aInsurance:
690 _aInsurance
906 _a005701
999 _c125837
_d125837